[Event "SVK-ch U20"]
[Site "Dudince"]
[Date "2023.04.21"]
[Round "7"]
[White "Lakota, Jan"]
[Black "Zdrazil, Patrik"]
[Result "1/2-1/2"]
[WhiteElo "1651"]
[BlackElo "2005"]
[PlyCount "49"]
[EventDate "2023.04.16"]
[EventType "tourn"]
[EventRounds "9"]
[EventCountry "SVK"]
[SourceTitle "CBM 213 Extra"]
[Source "ChessBase"]
[SourceDate "2023.05.31"]
[SourceVersion "1"]
[SourceVersionDate "2023.05.31"]
[SourceQuality "1"]

1. Nf3 Nf6 2. g3 g6 3. b3 Bg7 4. Bb2 0-0 5. Bg2 d6 6. d4 Nbd7 7. 0-0 c6 8. Nbd2 Qc7 9. c4 a5 10. Qc2 b6 11. a3 e5 12. e3 Re8 13. b4 Bb7 14. c5 dxc5 15. bxc5 b5 16. Nxe5 Nxe5 17. dxe5 Ng4 18. Ne4 Nxe5 19. Nd6 Re7 20. Rfd1 Rb8 21. f4 Ng4 22. Bxg7 Kxg7 23. Qc3+ Kg8 24. e4 Bc8 25. h3 1/2-1/2

[Event "SVK-ch U20"]
[Site "Dudince"]
[Date "2023.04.18"]
[Round "4"]
[White "Lakota, Jan"]
[Black "Paluska, Karol"]
[Result "1/2-1/2"]
[WhiteElo "1651"]
[BlackElo "1965"]
[PlyCount "31"]
[EventDate "2023.04.16"]
[EventType "tourn"]
[EventRounds "9"]
[EventCountry "SVK"]
[SourceTitle "CBM 213 Extra"]
[Source "ChessBase"]
[SourceDate "2023.05.31"]
[SourceVersion "1"]
[SourceVersionDate "2023.05.31"]
[SourceQuality "1"]

1. e4 c6 2. Nf3 d5 3. d3 Bg4 4. Be2 e6 5. Nbd2 Nf6 6. a4 Be7 7. Ne5 Bxe2 8. Qxe2 Nbd7 9. Ndf3 Nxe5 10. Nxe5 dxe4 11. 0-0 exd3 12. Nxd3 0-0 13. Bf4 Nd5 14. Rad1 Bg5 15. Be5 Bf6 16. c4 1/2-1/2

[Event "SVK-ch U20"]
[Site "Dudince"]
[Date "2023.04.17"]
[Round "3"]
[White "Galla, Richard"]
[Black "Lakota, Jan"]
[Result "1/2-1/2"]
[WhiteElo "1883"]
[BlackElo "1651"]
[PlyCount "130"]
[EventDate "2023.04.16"]
[EventType "tourn"]
[EventRounds "9"]
[EventCountry "SVK"]
[SourceTitle "CBM 213 Extra"]
[Source "ChessBase"]
[SourceDate "2023.05.31"]
[SourceVersion "1"]
[SourceVersionDate "2023.05.31"]
[SourceQuality "1"]

1. Nf3 d5 2. g3 c6 3. Bg2 Nf6 4. 0-0 Bf5 5. d4 g6 6. c4 Bg7 7. Qb3 Qb6 8. Nc3 dxc4 9. Qxc4 0-0 10. Ne5 Nbd7 11. Nxd7 Nxd7 12. e4 Be6 13. d5 cxd5 14. Nxd5 Qd6 15. Rd1 Nb6 16. Qb3 Rfe8 17. Bf4 Be5 18. Bxe5 Qxe5 19. Qc3 Qxc3 20. Nxc3 Red8 21. b3 Rac8 22. Nb5 Bd7 23. Nd4 e5 24. Nf3 f6 25. Rd6 Rc6 26. Rad1 Rxd6 27. Rxd6 Kf7 28. Rd2 Ke7 29. Ne1 Bb5 30. Rxd8 Kxd8 31. Bf1 Bxf1 32. Kxf1 Kd7 33. Ke2 Kd6 34. Kd3 f5 35. f3 a5 36. Nc2 Nd7 37. Na3 Nc5+ 38. Ke3 Nd7 39. Nc4+ Kc5 40. Nxa5 b6 41. Nb7+ Kb4 42. Nd6 Ka3 43. Kd3 fxe4+ 44. fxe4 Kb4 45. Nc4 h5 46. Kc2 b5 47. a3+ Kc5 48. Nd2 Kd4 49. a4 Ke3 50. a5 Nc5 51. b4 Na6 52. Kc3 g5 53. h3 g4 54. hxg4 hxg4 55. Nc4+ Kxe4 56. Nd6+ Kf3 57. Nxb5 Kxg3 58. Nd6 Kf4 59. b5 g3 60. bxa6 g2 61. a7 g1Q 62. a8Q Qd4+ 63. Kb3 Qd3+ 64. Ka4 Qxd6 65. Qb7 Qd4+ 1/2-1/2